Cytogenetics and Genetics of Groundnuts / (Record no. 7499)
[ view plain ]
| 000 -LEADER | |
|---|---|
| fixed length control field | 00576nam a2200217 4500 |
| 005 - DATE AND TIME OF LATEST TRANSACTION | |
| control field | 20150514092344.0 |
| 007 - PHYSICAL DESCRIPTION FIXED FIELD--GENERAL INFORMATION | |
| fixed length control field | 000 |
| 008 - FIXED-LENGTH DATA ELEMENTS--GENERAL INFORMATION | |
| fixed length control field | 000 |
| 020 ## - INTERNATIONAL STANDARD BOOK NUMBER | |
| International Standard Book Number | 094670766 |
| 040 ## - CATALOGING SOURCE | |
| Original cataloging agency | UOEL |
| 050 ## - LIBRARY OF CONGRESS CALL NUMBER | |
| Classification number | SB351.P3 |
| Item number | M86 1993 |
| 100 ## - MAIN ENTRY--PERSONAL NAME | |
| Personal name | Murthy, T.G.K. |
| 245 ## - TITLE STATEMENT | |
| Title | Cytogenetics and Genetics of Groundnuts / |
| Statement of responsibility, etc | by T.G.K. Murthy and P.S. Reddy |
| 260 ## - PUBLICATION, DISTRIBUTION, ETC. (IMPRINT) | |
| Place of publication, distribution, etc | Andover, Hampshire.: |
| Name of publisher, distributor, etc | Intercept Ltd, |
| Date of publication, distribution, etc | c1993. |
| 300 ## - PHYSICAL DESCRIPTION | |
| Extent | x,325p.: |
| Other physical details | Ill.; |
| 500 ## - GENERAL NOTE | |
| General note | includes references and index |
| 650 ## - SUBJECT ADDED ENTRY--TOPICAL TERM | |
| Topical term or geographic name as entry element | Cytogenetics |
| Topical term or geographic name as entry element | GEnetics |
| General subdivision | Groundnuts |
| 700 ## - ADDED ENTRY--PERSONAL NAME | |
| Personal name | Reddy, |P.S. |
| 942 ## - ADDED ENTRY ELEMENTS (KOHA) | |
| Source of classification or shelving scheme | Library of Congress Classification |
| Item type | Loan - Normal on open shelf |
| Withdrawn status | Lost status | Source of classification or shelving scheme | Damaged status | Not for loan | Home library | Current library | Shelving location | Date acquired | Total Checkouts | Full call number | Barcode | Date last seen | Copy number | Price effective from | Koha item type |
|---|---|---|---|---|---|---|---|---|---|---|---|---|---|---|---|
| Library of Congress Classification | UOE Main Library | UOE Main Library | Open shelf | 14/05/2015 | SB351.P3 M86 1993 | 10062266 | 27/04/2026 | 10062266 | 14/05/2015 | Loan - Normal on open shelf | |||||
| Library of Congress Classification | UOE Main Library | UOE Main Library | Open shelf | 14/05/2015 | SB351.P3 M86 1993 | 10062265 | 27/04/2026 | 10062265 | 14/05/2015 | Loan - Normal on open shelf |
